| 000 | 00511nam a2200145Ia 4500 | ||
|---|---|---|---|
| 999 |
_c15132 _d15132 |
||
| 082 | _aRP.0221 | ||
| 100 | _aPal, Mahi | ||
| 245 | 0 |
_aImpact of Jawahar Rozgar Yojana on capital formation and employment generation in rural economy : _bA case study of Saharanpur district, Uttar Pradesh |
|
| 260 |
_c1995 _bICSSR, New Delhi |
||
| 300 | _a167p. | ||
| 650 | _aJAWAHAR ROZGAR YOJANA (JRY) | ||
| 650 | _aSAHARANPUR DISTRICT - RURAL CONDITIONS | ||
| 710 | _aInstitute of Social Sciences, New Delhi | ||
| 942 |
_cRP _2ddc |
||